| 000 | 00341nam a22001457a 4500 | ||
|---|---|---|---|
| 003 | SGT | ||
| 082 |
_a617.7 _bO23K |
||
| 100 | _aA. K. KHURANA | ||
| 245 | _aOPHTALMOLOGY LOG BOOK | ||
| 260 |
_aNEW DELHI _bJAYPEE BROTHER _c2023 |
||
| 300 | _a57 | ||
| 650 | _aOPHTALMOLOGY LOG BOOK | ||
| 653 | _aEYE, OPTHALMOLOGY, LOG BOOK | ||
| 942 |
_2ddc _cBK |
||
| 999 |
_c23862 _d23862 |
||